00946nam a2200325 a 4500003000900000005001700009008004100026040001300067100002800080245006800108250001200176260005500188300002500243504003800268504004400306650001700350650003500367650001200402650001400414650001600428650000900444650001300453650001300466650001100479650002200490650001300512700003900525700002500564700003100589AR-BaBNM20251128203719.0082120s2002 ||||||||||||||000 | spa|| cAR-BaBNM1 aHerskovits, Melville J.00aEl hombre y sus obrasbla ciencia de la antropología cultural a1ª ed. aMéxico, D.F.bFondo de Cultura Económicac1992 a782 p.bil., láms. aBibliografía citada: p. 715-729 aBibliografía seleccionada: p. 730-734 4aANTROPOLOGIA 4aANTROPOLOGIA CULTURAL Y SOCIAL 4aCULTURA 4aEVOLUCION 4aARQUEOLOGIA 4aRAZA 4aECONOMIA 4aRELIGION 4aLENGUA 4aESTRUCTURA SOCIAL 4aFOLKLORE1 aHernández Barroso, M.etraductor1 aImaz, E.erevisión1 aAlaminos, Luiserevisión